000 00886nam a22003250a 4500
001 PT49608
003 AR-LpoUNG
005 20210131231313.0
008 191001s2013||||ag |||||||||||||||||spa d
020 _a9789501205206
_c$8,60
040 _aAR-LpoUNG
_bspa
_cAR-LpoUNG
_eaacr
041 _aspa
044 _aag
082 0 _a507 143ant
100 1 _aTaleb, Nassim Nicholas
245 1 0 _aAntifrágil :
_blas cosas que se benefician del desorden
250 _a1ra. ed.
260 _aBuenos Aires :
_bPaidós,
_c2013.
300 _a655 p. :
_btbls., gráfs., fot.
650 4 _aCIENCIAS
650 4 _aCONOCIMIENTO
650 4 _aFILOSOFIA
650 4 _aMATEMATICAS
650 4 _aPROBABILIDAD
651 4 _aDOCUMENTOS TEORICOS O METODOLOGICOS
700 1 _aSánchez Barberán, Genís
_etr.
700 1 _aSantos Mosquera, Albino
_etr.
905 _a49608
942 _cLIB
999 _c9226
_d9226